<?xml version="1.0" encoding="UTF-8"?><?xml-stylesheet type="text/xsl" href="static/style.xsl"?><OAI-PMH xmlns="http://www.openarchives.org/OAI/2.0/" xmlns:xsi="http://www.w3.org/2001/XMLSchema-instance" xsi:schemaLocation="http://www.openarchives.org/OAI/2.0/ http://www.openarchives.org/OAI/2.0/OAI-PMH.xsd"><responseDate>2026-04-13T04:55:54Z</responseDate><request verb="GetRecord" identifier="oai:www.recercat.cat:2445/149137" metadataPrefix="marc">https://recercat.cat/oai/request</request><GetRecord><record><header><identifier>oai:recercat.cat:2445/149137</identifier><datestamp>2025-12-04T20:36:40Z</datestamp><setSpec>com_2072_1057</setSpec><setSpec>col_2072_478800</setSpec><setSpec>col_2072_478917</setSpec></header><metadata><record xmlns="http://www.loc.gov/MARC21/slim" xmlns:dcterms="http://purl.org/dc/terms/" xmlns:xsi="http://www.w3.org/2001/XMLSchema-instance" xmlns:doc="http://www.lyncode.com/xoai" xsi:schemaLocation="http://www.loc.gov/MARC21/slim http://www.loc.gov/standards/marcxml/schema/MARC21slim.xsd">
   <leader>00925njm 22002777a 4500</leader>
   <datafield ind2=" " ind1=" " tag="042">
      <subfield code="a">dc</subfield>
   </datafield>
   <datafield ind2=" " ind1=" " tag="720">
      <subfield code="a">Xargay i Torrent, Sílvia</subfield>
      <subfield code="e">author</subfield>
   </datafield>
   <datafield ind2=" " ind1=" " tag="720">
      <subfield code="a">Carreras Badosa, Gemma</subfield>
      <subfield code="e">author</subfield>
   </datafield>
   <datafield ind2=" " ind1=" " tag="720">
      <subfield code="a">Prats Puig, Anna</subfield>
      <subfield code="e">author</subfield>
   </datafield>
   <datafield ind2=" " ind1=" " tag="720">
      <subfield code="a">Soriano, Pilar</subfield>
      <subfield code="e">author</subfield>
   </datafield>
   <datafield ind2=" " ind1=" " tag="720">
      <subfield code="a">Álvarez Castaño, Elena</subfield>
      <subfield code="e">author</subfield>
   </datafield>
   <datafield ind2=" " ind1=" " tag="720">
      <subfield code="a">Ferri, María José</subfield>
      <subfield code="e">author</subfield>
   </datafield>
   <datafield ind2=" " ind1=" " tag="720">
      <subfield code="a">Borrat Padrosa, Sara</subfield>
      <subfield code="e">author</subfield>
   </datafield>
   <datafield ind2=" " ind1=" " tag="720">
      <subfield code="a">Zegher, Francis de</subfield>
      <subfield code="e">author</subfield>
   </datafield>
   <datafield ind2=" " ind1=" " tag="720">
      <subfield code="a">Ibáñez Toda, Lourdes</subfield>
      <subfield code="e">author</subfield>
   </datafield>
   <datafield ind2=" " ind1=" " tag="720">
      <subfield code="a">López Bermejo, Abel</subfield>
      <subfield code="e">author</subfield>
   </datafield>
   <datafield ind2=" " ind1=" " tag="720">
      <subfield code="a">Bassols, Judit</subfield>
      <subfield code="e">author</subfield>
   </datafield>
   <datafield ind2=" " ind1=" " tag="260">
      <subfield code="c">2020-01-31T08:57:16Z</subfield>
   </datafield>
   <datafield ind2=" " ind1=" " tag="260">
      <subfield code="c">2020-01-31T08:57:16Z</subfield>
   </datafield>
   <datafield ind2=" " ind1=" " tag="260">
      <subfield code="c">2018-10-15</subfield>
   </datafield>
   <datafield ind2=" " ind1=" " tag="260">
      <subfield code="c">2020-01-31T08:57:16Z</subfield>
   </datafield>
   <datafield ind2=" " ind1=" " tag="520">
      <subfield code="a">Sex hormone-binding globulin (SHBG) negatively associates with pre-gestational body mass index (BMI) and gestational weight gain. The link with other cardio-metabolic risk factors in pregnant women is poorly understood. Our aim was to study the association of SHBG levels with common cardio-metabolic risk parameters in pregnant woman. Serum SHBG was quantified in 291 Caucasian pregnant women (142 with normal weight, 42 with pregestational obesity, 50 with gestational obesity and 57 with pregestational plus gestational obesity) with uncomplicated pregnancies and parturition. Cardio-metabolic [C-reactive protein (CRP), blood pressure (BP), glycosylated hemoglobin (HbAc1), glucose, C-peptide, insulin, triglycerides and high molecular weight (HMW) adiponectin], and endocrine [testosterone and estradiol] parameters were also assessed. SHBG was negatively correlated with BMI, but also with CRP, BP, HbAc1, pre and post-load glucose, C-peptide, HOMA-IR, triglycerides; and positively with HMW adiponectin (all p&lt;0.01 to p&lt;0.0001). These associations were more robust in women with pregestational plus gestational obesity, who had lower SHBG, in comparison to normal-weight women (p&lt;0.0001). In multivariate analyses in women with pregestational plus gestational obesity SHBG showed independent associations with CRP (β = -0.352, p = 0.03, R2 = 8.0%), DBP (β = -0.353, p = 0.03, R2 = 7.0%) and SBP (β = -0.333, p = 0.04, R2 = 6.0%) independently of BMI and metabolic and endocrine parameters. SHBG is decreased in pregnant women with pregestational plus gestational obesity in association with common cardio-metabolic parameters. SHBG could represent an integrating biomarker for an adverse cardio-metabolic profile in pregnant women with pregestational plus gestational obesity.</subfield>
   </datafield>
   <datafield tag="653" ind2=" " ind1=" ">
      <subfield code="a">Hormones sexuals</subfield>
   </datafield>
   <datafield tag="653" ind2=" " ind1=" ">
      <subfield code="a">Marcadors bioquímics</subfield>
   </datafield>
   <datafield tag="653" ind2=" " ind1=" ">
      <subfield code="a">Embarassades</subfield>
   </datafield>
   <datafield tag="653" ind2=" " ind1=" ">
      <subfield code="a">Cardiologia</subfield>
   </datafield>
   <datafield tag="653" ind2=" " ind1=" ">
      <subfield code="a">Obesitat</subfield>
   </datafield>
   <datafield tag="653" ind2=" " ind1=" ">
      <subfield code="a">Sex hormones</subfield>
   </datafield>
   <datafield tag="653" ind2=" " ind1=" ">
      <subfield code="a">Biochemical markers</subfield>
   </datafield>
   <datafield tag="653" ind2=" " ind1=" ">
      <subfield code="a">Pregnant women</subfield>
   </datafield>
   <datafield tag="653" ind2=" " ind1=" ">
      <subfield code="a">Cardiology</subfield>
   </datafield>
   <datafield tag="653" ind2=" " ind1=" ">
      <subfield code="a">Obesity</subfield>
   </datafield>
   <datafield ind2="0" ind1="0" tag="245">
      <subfield code="a">Circulating sex hormone binding globulin: an integrating biomarker for an adverse cardio-metabolic profile in obese pregnant women</subfield>
   </datafield>
</record></metadata></record></GetRecord></OAI-PMH>